[Event "Chigorin Memorial 07th"]
[Site "St Petersburg"]
[Date "1999.11.09"]
[Round "8"]
[White "Kalugin, Sergei G"]
[Black "Riazantsev, Alexander"]
[Result "1/2-1/2"]
[WhiteElo "2455"]
[BlackElo "2417"]
[Annotator "Lutz,C"]
[PlyCount "65"]
[EventDate "1999.11.02"]
[EventType "swiss"]
[EventRounds "9"]
[EventCountry "RUS"]
[SourceTitle "CBM 074"]
[Source "ChessBase"]
[SourceDate "2000.02.01"]
[SourceVersion "1"]
[SourceVersionDate "2000.02.01"]
[SourceQuality "1"]

1. d4 d5 2. c4 c6 3. Nc3 Nf6 4. Nf3 e6 5. e3 Nbd7 6. Bd3 dxc4 7. Bxc4 b5 8. Bd3
Bb7 9. O-O a6 10. e4 c5 11. d5 Qc7 12. dxe6 fxe6 13. Bc2 Bd6 $5 {Gegen diese
Idee von Dreev gibt bislang keinen Weg zum Vorteil.} 14. Ng5 Nf8 15. f4 O-O-O
16. Qe2 (16. Qe1 {0-1 Sadler,M-Dreev,A/Groningen 1997/CBM 63 /[Lutz] (45)})
16... h6 (16... e5 {0-1 Bucher,D-Goessling,G/Rotterdam 1998/EXT 99 (28)}) 17.
Nh3 (17. Nf3 {1/2-1/2 Nenashev,A-Dreev,A/Groningen 1997/CBM 63/[Lutz] (36)}) (
17. e5 {0-1 Jelen,I-Ribli,Z/Pula 1998/EXT 2000 (28)}) 17... e5 18. a4 b4 $5
$146 {Eine Neuerung, obwohl die bisherige Fortsetzung auch gut für Schwarz ist.
} (18... Ne6 19. axb5 Nd4 20. Qd1 axb5 21. Be3 Qc6 22. Kh1 {1/2-1/2 Alterman,
B-Pinter,J/Recklinghausen 1998/CBM 67/[Lutz] (22)} Rhe8 $15) 19. Nd5 Nxd5 20.
exd5 Bxd5 $5 {Im Tausch gegen den Pa6 erhält Schwarz den Pd5. Er schwächt
dadurch seine Königsstellung, erhält aber eine gute Kontrolle über die
Zentralfelder.} (20... Nd7 $13 {gefällt mir besser, da der schwarze König in
Sicherheit bleibt.}) 21. Qxa6+ Bb7 22. Qe2 Nd7 23. Be4 (23. a5 $5 {könnte
gefährlich sein, z.B.} Rhe8 24. a6 Ba8 25. Bg6 Re7 26. Qf2 $14 {Diese Stellung
ist unklar, obwohl ich Weiß bevorzugen würde. In Verbindung mit dem Pa6 kann
Weiß Drohungen gegen den König schaffen.}) 23... Rhe8 24. Bxb7+ Qxb7 25. f5 Nf6
{Schwarz bringt den Springer nach d5.} (25... e4 $5 {würde die Stellung für
die weißen Figuren öffnen.} 26. Nf4 {/\ Ne6} Bxf4 27. Bxf4 Ne5 28. Bxe5 Rxe5
29. f6 gxf6 30. Rxf6 {mit Angriff, z.B.} e3 31. a5 Rd2 32. Rf8+ Kc7 33. Qg4 $16
) 26. Be3 Nd5 27. Rac1 (27. Bf2 $6 e4 28. Rac1 e3) 27... Nxe3 28. Qxe3 Kb8 29.
Nf2 e4 {Natürlich darf Schwarz den Weißen nicht zu Ne4 kommen lassen.} 30. Rc4
Qd5 31. Rfc1 (31. Rxe4 Rxe4 32. Nxe4 Re8 33. Qd2 (33. Re1 Be5) 33... Qxd2 34.
Nxd2 Be5 35. Nc4 Bd4+ 36. Kh1 Re2 {ist nicht schlechter für Schwarz.}) 31...
Qxf5 32. Rxb4+ cxb4 33. Qb6+ 1/2-1/2

[Event "St Petersburg-ch"]
[Site "St Petersburg"]
[Date "2003.04.24"]
[Round "9"]
[White "Klimov, Sergey"]
[Black "Yevseev, Denis"]
[Result "1/2-1/2"]
[WhiteElo "2507"]
[BlackElo "2580"]
[Annotator "Lutz,C"]
[PlyCount "88"]
[EventDate "2003.04.16"]
[EventType "tourn"]
[EventRounds "13"]
[EventCountry "RUS"]
[EventCategory "11"]
[SourceTitle "CBM 095"]
[Source "ChessBase"]
[SourceDate "2003.07.25"]
[SourceVersion "1"]
[SourceVersionDate "2003.07.25"]
[SourceQuality "1"]

1. d4 d5 2. c4 c6 3. Nc3 e6 4. e3 Nf6 5. Nf3 Nbd7 6. Bd3 dxc4 7. Bxc4 b5 8. Bd3
Bb7 9. O-O a6 10. e4 c5 11. d5 Qc7 12. dxe6 fxe6 13. Bc2 Be7 $5 {Eine
seltenere Fortsetzung im Vergleich zu den Hauptvarianten 13...Bd6 und 13...c4.}
14. Ng5 Qc6 15. f4 $1 {Der kritische Zug.} (15. Qf3 h6 16. Qh3 hxg5 $1 {
gibt Schwarz Kompensation:} 17. Qxh8+ Kf7 18. Qh3 g4 19. Qh4 (19. Qe3 $5 Ne5
20. Ne2 Nc4 21. Qg3 Nxe4 22. Qxg4 Rh8 23. Nf4 $40 {1-0 Shabalov,A-Miller,D/
Virginia Beach 2002/CBM 86 ext (38)}) (19. Qg3 {Shipov} Bd6 20. Bf4 Nh5 $19)
19... Ne5 20. f3 (20. Rd1 Bd6 21. Be3 $6 Bc7 $1 $15 {0-1 Hansen,L-Illescas
Cordoba,M/Moscow 1994/CBM 45/[Shipov] (45)}) 20... gxf3 21. gxf3 c4 (21... Ng6
22. Qg5 Rh8 23. e5 Nh4 24. Be4 Nd5 25. Qg4 b4 26. Ne2 Qc7 27. Qg3 Rh5 28. Bf4
Nf5 29. Qe1 c4 30. Kh1 Bh4 31. Qd2 Qe7 32. Rg1 g5 33. Bg3 Nxg3+ 34. Nxg3 Rh8
35. Nf5 exf5 36. Bxd5+ Kg6 37. Bxb7 Qxb7 38. Qd6+ Kh5 39. Raf1 g4 40. Qe6 Rf8
41. Rxg4 Bg5 42. Rg3 {1-0 Lautier,J-Dreev,A/Linares 1995/CBM 46 (42)}) 22. Be3
Ng6 23. Qe1 Rh8 24. Rd1 Bd6 25. Rd2 Qc7 26. Rxd6 Qxd6 27. Qd2 Qe5 28. Rf2 Rh3
$40 {0-1 Karpov,A-Kramnik,V/Monte Carlo 1994/CBM 40 ext (40)}) 15... h6 16. Nf3
O-O-O 17. Qe2 b4 (17... Rhf8 $5 18. e5 Nd5 19. Nxd5 Qxd5 20. a4 b4 (20... c4 {
Gelfand} 21. axb5 axb5 22. Be3) 21. Rd1 $1 (21. Be3 $2 Nb6 22. Nd2 $13 {
1/2-1/2 Gelfand,B-Dreev,A/Biel 1995/CBM 49/[Gelfand] (23)}) 21... Qc6 22. a5 $1
g5 23. fxg5 hxg5 24. Bxg5 Rxf3 25. Bxe7 Rg8 26. Rd6 Qc7 27. Be4 Nxe5 28. Rxe6
$16 {Gelfand}) (17... Kb8 $5 {Dreev}) 18. Nd1 $146 (18. e5 $5 bxc3 19. exf6
gxf6 (19... Bxf6 20. bxc3 Nb6 21. Bd2 $5 (21. Rb1 Nd5 22. Bd2 Bxc3 23. Rxb7
Kxb7 24. Bxc3 Nxc3 25. Qc4 {1/2-1/2 Yakovich,Y-Flear,G/Port Erin 2001/CBM 84
ext (25)}) 21... Nd5 22. Qe1 $14 {Gelfand}) 20. bxc3 Nb6 21. Bd2 Rhg8 22. Rae1
f5 23. Rf2 Rd6 24. Bxf5 {1/2-1/2 Yakovich,Y-Hamdouchi,H/Santo Antonio 1999/CBM
70 ext (24)}) (18. Na4 {Gelfand} Nxe4 19. Re1 Nd6 (19... Nef6 20. Qxe6) 20.
Qxe6 Bf6) (18. Ba4 {Gelfand} Qc7 19. e5 bxc3 20. exf6 Bxf6 21. bxc3 Nb6 $13)
18... Nxe4 19. Ne3 $44 {Weiß hat angesichts der geschwächten schwarzen
Königsstellung Kompensation für den Bauern, aber besser steht er nicht.} Nd6
20. a3 Qb6 21. Kh1 g5 {Schwarz kämpft um die Initative und greift am
Königsflügel an.} 22. Bd3 gxf4 23. Nc4 Nxc4 24. Bxc4 e5 25. Nxe5 Nxe5 26. Qxe5
{Weiß hat den Bauern zurückgewonnen, aber dafür ist jetzt die Diagonale a8-h1
gegen den weissen König geöffnet.} Bd6 27. Qf5+ Kb8 28. Bxf4 Qc6 29. Qg4 h5 30.
Qg7 Rh7 31. Qg5 Rhd7 {Schwarz hat eine kompakte Stellung und steht nicht
schlechter.} 32. Be2 Qc7 33. Bxd6 Rxd6 34. Rac1 Rd5 35. Qe3 Qe5 36. Qxe5+ Rxe5
37. Bf3 Rd2 38. axb4 cxb4 39. b3 Rd3 40. Bxb7 Kxb7 41. Rb1 Kb6 42. h3 a5 43.
Kh2 Kb5 44. Rf8 Rc3 1/2-1/2

[Event "Elgoibar 09th"]
[Site "Elgoibar"]
[Date "1999.??.??"]
[Round "1"]
[White "Izeta Txabarri, Felix"]
[Black "Korneev, Oleg"]
[Result "0-1"]
[WhiteElo "2505"]
[BlackElo "2615"]
[Annotator "Lutz,C"]
[PlyCount "62"]
[EventDate "1999.11.??"]
[EventType "tourn"]
[EventRounds "9"]
[EventCountry "ESP"]
[EventCategory "9"]
[SourceTitle "CBM 075"]
[Source "ChessBase"]
[SourceDate "2000.04.05"]
[SourceVersion "1"]
[SourceVersionDate "2000.04.05"]
[SourceQuality "1"]

1. d4 d5 2. c4 e6 3. Nf3 Nf6 4. Nc3 c6 5. e3 Nbd7 6. Bd3 dxc4 7. Bxc4 b5 8. Bd3
a6 9. e4 c5 10. e5 cxd4 11. Ne4 $5 {Ein selteneres Abspiel gegenüber der
Hauptvariante 11.Sxb5.} Ng4 {In Elgoibar spielte Korneev diesen Zug gleich
zweimal. Bisher gab es kaum Vorgänger.} (11... Nd5 {ist die Hauptvariante hier.
}) (11... Nxe4 12. Bxe4 Rb8 13. Qxd4 Bc5 14. Qd3 Bb4+ 15. Ke2 Nc5 16. Qxd8+
Kxd8 17. Bg5+ Ke8 18. Bc6+ Bd7 19. Bxd7+ Nxd7 20. Rac1 Bc5 21. Rhd1 h6 22. Be3
Bxe3 23. fxe3 Nb6 24. Rd6 Rh7 25. Rc7 a5 26. Nd4 Nc4 27. Nc6 Ra8 28. b3 Nb6 29.
Ra7 {1-0 Izeta Txabarri,F-Slobodjan,R/Koszalin 1998/CBM 65 ext (29)}) 12. Bf4
Bb4+ (12... Qa5+ 13. Ned2 (13. Kf1 b4 14. Neg5 Ngxe5 15. Nxe5 Nxe5 16. Bxe5
Qxe5 17. Nxf7 Kxf7 18. Qf3+ Qf6 19. Qxa8 Bc5 20. h4 Rd8 21. Rh3 Kg8 22. Rc1 Qe5
23. Qc6 Be7 24. Re1 Qd5 25. Qc2 Qh5 26. Bc4 Rd6 27. Qb3 Qg4 28. Rg3 Qxh4 29.
Bxe6+ Bxe6 30. Rxe6 Qh1+ 31. Ke2 Qh5+ 32. Kd2 Rxe6 33. Qxe6+ Kf8 34. Qc8+ Kf7
35. Qc4+ Kf8 36. Qxd4 Qh6+ 37. Kc2 a5 38. Rf3+ Ke8 39. Qe4 Qa6 40. Re3 Qc8+ 41.
Kb1 Qd8 42. Rd3 Qb6 43. Qxh7 Bf6 44. Qg8+ {1-0 Hermann,L-Sefc,J/Moscow 1956/
MCD (44)}) 13... Nc5 14. Qe2 Bb7 15. O-O Nxd3 16. Qxd3 Rd8 17. Ne4 Be7 18. Rfe1
b4 19. Rac1 Rd7 20. h3 Nh6 21. Nd6+ Bxd6 22. exd6 Nf5 23. Re5 Qxa2 24. Qxf5 O-O
25. Ra5 Qxb2 26. Qd3 Bxf3 27. gxf3 e5 28. Bd2 b3 29. Rxa6 h6 30. Rcc6 Re8 31.
Bc1 {1-0 San Segundo,P-Illescas Cordoba,M/Zaragoza 1996/EXT 97 (31)}) 13. Kf1 (
13. Ned2 Bb7 14. Qe2 (14. O-O Bxd2 15. Qxd2 Bxf3 16. gxf3 Ngxe5 $17) 14... f6
15. exf6 Qxf6 $36) 13... f6 {Mit diesem Zug war Korneev anscheinend im
Nachhinein nicht mehr einverstanden, denn zwei Runden später wählte er 13...
Bb7.} (13... Bb7 {0-1 San Segundo,P-Korneev,O/Elgoibar 1999/CBM 75_02/[Lutz] 
(56)}) 14. exf6 Ndxf6 15. h3 (15. Nxd4 $5 {gewinnt den Bauern zurück, aber
Schwarz kommt zum Gegenspiel entlang der f-Linie.} Qd5 {nebst 16...0-0} (15...
Qxd4 $2 16. Bxb5+) (15... O-O 16. Nc6)) 15... Nd5 16. hxg4 (16. Bg5 Ngf6 17.
Nxd4 $13) 16... Nxf4 17. Neg5 Bb7 18. Rxh7 Rxh7 19. Bxh7 Be7 20. Be4 Bd5 $1 (
20... Bxe4 21. Nxe4 $13) 21. g3 Bxg5 22. gxf4 $2 {Nun wird der weißfeldrige
Läufer zu stark.} (22. Nxg5 {hält die Balance.} Qxg5 (22... Bxe4 23. Nxe4 Qd5
24. Qf3 $36) 23. gxf4 Qxf4 24. Bxd5 exd5 25. Qc1 $11) 22... Bxe4 $17 23. Nxg5
Bd5 24. Kg1 (24. Qxd4 $2 Bg2+) 24... Qf6 25. Qd2 O-O-O $1 $19 {Jetzt kommt
Schwarz zum Angriff auf der h-Linie.} 26. a4 Rh8 27. f3 Qh6 28. Qg2 e5 29. axb5
exf4 30. Rxa6 (30. Ne4 Bxe4 31. fxe4 f3 32. Qxf3 Qh2+ 33. Kf1 Qh1+ $19) 30...
Qxg5 31. Qc2+ Kb7 0-1

[Event "Sarajevo Bosnia 33rd"]
[Site "Sarajevo"]
[Date "2003.05.24"]
[Round "6"]
[White "Kozul, Zdenko"]
[Black "Bareev, Evgeny"]
[Result "0-1"]
[WhiteElo "2601"]
[BlackElo "2734"]
[Annotator "Lutz,C"]
[PlyCount "74"]
[EventDate "2003.05.18"]
[EventType "tourn"]
[EventRounds "9"]
[EventCountry "BIH"]
[EventCategory "16"]
[SourceTitle "CBM 096"]
[Source "ChessBase"]
[SourceDate "2003.09.25"]
[SourceVersion "1"]
[SourceVersionDate "2003.09.25"]
[SourceQuality "1"]

1. d4 {Lutz} d5 2. c4 c6 3. e3 Nf6 4. Nc3 e6 5. Nf3 Nbd7 6. Bd3 dxc4 7. Bxc4 b5
8. Bd3 a6 9. e4 c5 10. d5 Qc7 11. O-O c4 (11... Bb7) 12. Bc2 Bc5 $5 {Bareev
wählt ein etwas selteneres Abspiel in der Reynolds-Variante...} (12... Bb7) 13.
Bd2 $146 {... und Kozul wählt ebenfalls nicht die prinzipiellste Antwort,
sondern spielt eine Neuerung.} (13. dxe6 fxe6 14. Qe2 Ne5 15. Nxe5 Qxe5 16. Kh1
{nebst f2-f4 ist die Hauptvariante, mit etwas Vorteil für Weiß.}) (13. Qe2 {
wurde ebenfalls häufiger gespielt:} e5 (13... Ne5 $5 14. Bf4 (14. dxe6 $5)
14... Nxf3+ 15. Qxf3 e5 16. Bg5 Qd6 $11 {0-1 Pinter,J-Huzman,A/Budapest 1996/
CBM 56/[Lutz] (89)}) 14. Bg5 (14. Nh4 $6 O-O 15. Kh1 Bd4 $1 $36 {Kharitonov,
A-Ivanchuk,V/URS/1988/0-1 (42) '!' Chekhov. (23)}) (14. Nd1 O-O 15. b3 (15. Bd2
a5 16. b3 cxb3 17. axb3 Bxf2+ 18. Nxf2 Qxc2 19. Rfc1 Qxb3 20. Rc3 {1/2-1/2
Barus,C-Torre,E/Bali 1999/CBM 71 (20)}) 15... Nb6 16. bxc4 Nxc4 17. Bd3 Bg4 $5
{1/2-1/2 Gelfand,B-Morovic Fernandez,I/Dos Hermanas 1994/CBM 41/[Ftacnik] (24)}
) (14. Bd2 $5 O-O 15. a3 Ne8 16. b4 Bd4 17. a4 Rb8 18. axb5 axb5 19. Ra5 Nd6
20. Rfa1 $14 {Karpov,A-Morovic Fernandez,I/Las Palmas/1994/0,5 (38)}) 14... O-O
15. Nd1 h6 16. Bd2 Ne8 17. Ne3 Nd6 18. b4 Bd4 19. Rad1 Re8 {Groszpeter,
A-Kallai,G/HUN-chT/1992/0.5 (20)}) (13. Bg5 $5 e5 14. Ne2 h6 15. Bd2 Nh5 16. b3
cxb3 17. axb3 O-O 18. b4 Bd6 19. Bd3 Nb6 20. h3 Qe7 21. g4 Nf6 22. Ng3 $36 {
1-0 Kozul,Z-Van der Wiel,J/Bugojno 1999/CBM 74 (44)}) (13. b3 {0-1 Schandorff,
L-Sasikiran,K/Esbjerg 2003/CBM96/[Lutz] (56)}) 13... O-O 14. b4 {Das ist die
Idee von 13.Bd2. Kozul geht augenblicklich am Damenflügel gegen den Pb5 vor,
aber im Gegensatz zur Partie Karpov-Morovic (s.o.) hat Schwarz noch nicht ...
e6-e5 spielen. Dieser Umstand scheint mir günstig für Bareev zu sein, da er
den Pd5 unterminieren kann.} Bd6 15. a4 bxa4 $1 {Da das Zentrum noch nicht
festgelegt ist, brauch Schwarz nicht zur pasiven Verteidigung des Pb5 mit ...
Rb8 zu greifen.} 16. dxe6 (16. Bxa4 Ne5 $5 (16... Bb7 $5)) 16... fxe6 17. Qe2
Bb7 18. Ng5 {Nun geht Kozul am Königsflügel vor, aber Bareev hält dagegen.} (
18. Bxa4 Bxb4) 18... Rae8 19. f4 e5 20. f5 Bxb4 21. Ne6 Rxe6 22. fxe6 Qb6+ 23.
Be3 Qxe6 $17 {Kozul hat die Qualität gewonnen, musste dafür aber drei Bauern
am Damenflügel geben. Diese schwarzen Bauern sind zwar zersplittert, aber der
Pe4 ist ebenfalls deckungsbedürftig. Damit ist klar, dass der weiße
Eröffnungsaufbau gescheitert ist.} 24. Nd5 (24. Nxa4 Bxe4 25. Bxe4 Nxe4 26.
Rxf8+ Bxf8 $17) 24... Nxd5 25. Qxc4 N7b6 (25... Rc8 $5 {ist nicht ganz
überzeugend nach} 26. exd5 Rxc4 27. dxe6 Rxc2 28. Rf7 {, z.B.} (28. exd7 $2
Rxg2+ 29. Kh1 Rg3+) 28... Bc5 29. Bxc5 Nxc5 30. Rd1 Rxg2+ 31. Kf1 Nxe6 32. Rxb7
{, und Weiß hat Gegenchancen.}) 26. Qa2 a5 27. Rxf8+ Bxf8 28. exd5 Bxd5 29. Qb1
Nc4 30. Bxh7+ Kh8 31. Bf5 Qf6 32. Bf2 (32. Ba7 e4 33. Bg4 e3) 32... e4 {
Die schwarzen Figuren harmonieren prächtig miteeinander.} 33. Bg4 e3 34. Be1 e2
$2 (34... Nd2 35. Qf5 Qxf5 36. Bxf5 a3 $19 {und Weiß ist machtlos gegen die
schwarzen Freibauern.}) 35. Bf2 $2 (35. Bxe2 {ist mir nicht klar:} Bc5+ 36. Kh1
Bd6 (36... Bxg2+ 37. Kxg2 Ne3+ 38. Kg1 Qxa1 39. Qxa1 Nc2+ 40. Kf1 Nxa1 41. Bxa5
) 37. Bxc4 Qh6 38. Bg3 Bxg3 39. Qg1 Bxc4 40. Rxa4) 35... Nd2 36. Qe1 Bb4 37.
Bh4 Bc5+ 0-1

[Event "Scandic Hotels CC"]
[Site "Stockholm"]
[Date "2000.08.03"]
[Round "6"]
[White "Akesson, Ralf"]
[Black "Matros, Alexander"]
[Result "1-0"]
[WhiteElo "2486"]
[BlackElo "2425"]
[Annotator "Lutz,C"]
[PlyCount "59"]
[EventDate "2000.07.29"]
[EventType "tourn"]
[EventRounds "9"]
[EventCountry "SWE"]
[EventCategory "10"]
[SourceTitle "CBM 079"]
[Source "ChessBase"]
[SourceDate "2000.11.21"]
[SourceVersion "1"]
[SourceVersionDate "2000.11.21"]
[SourceQuality "1"]

1. d4 d5 2. c4 c6 3. Nc3 e6 4. e3 Nf6 5. Nf3 Nbd7 6. Bd3 dxc4 7. Bxc4 b5 8. Bd3
a6 9. e4 c5 10. d5 Qc7 11. O-O Bb7 12. b3 $5 {Dieser Zug stellt eine eher
harmlose Alternative zur Hauptvariante 12.dxe6 dar.} (12. dxe6 fxe6 13. Bc2)
12... Be7 13. a4 exd5 (13... c4 14. bxc4 bxc4 15. Bc2 O-O 16. Nd4 Rfe8 $5 17.
dxe6 fxe6 18. Nxe6 Qe5 $13 {1/2-1/2 Krasenkow,M-Ivanov,S/Augustow 1996/CBM 57/
[Krasenkow] (41)}) 14. Nxd5 Nxd5 15. exd5 O-O 16. axb5 axb5 17. Rxa8 Bxa8 $146
(17... Rxa8 18. Bxb5 Nf6 19. Bb2 Nxd5 $11 {1-0 Krasenkow,M-Timman,J/Pula 1997/
CBM 57 ext/[Lutz] (38)}) 18. Re1 Nf6 19. Qe2 $6 (19. Bxb5 $11) 19... Nxd5 20.
Qe4 g6 21. Bh6 $2 {Weiß beginnt taktische Spielereien. Der Erfolg gibt ihm
Recht, aber Schwarz hätte besser spielen können.} (21. Bxb5 $11) 21... Re8 $2 {
Schwarz will taktisch mitspielen ...} (21... Rb8 {, und wie bekommt Weiß den
Bauern zurück ?}) 22. Bxb5 Nc3 23. Qh4 $5 {Eine schlaue Falle} (23. Qc4 Nxb5
24. Qxb5 $11) 23... Qd8 $2 (23... Qd6 {ist erzwungen. Schwarz muss das Feld e5
unter Kontrolle halten. Die Stellung ist dann im Gleichgewicht.} 24. Qc4 Nxb5
25. Qxb5 Bc6 26. Qc4 Bf6 $11) 24. Qf4 $1 $18 {Das ist das Problem. Die weiße
Dame gelangt nach e5.} (24. Qg3 $1 $18 {führt zu den gleichen Varianten.})
24... Bxf3 (24... Nxb5 25. Qe5 f6 (25... Bf8 26. Qxe8 $18) 26. Qe6+ Kh8 27. Qf7
Rg8 28. Rxe7 Qd1+ 29. Ne1 $18) (24... Nd5 25. Qe5 $18) (24... Rf8 25. Bxf8 $18)
25. Qe5 Qd4 (25... f6 26. Qxc3 $18) 26. Bxe8 Be4 27. Qxe7 Ne2+ 28. Kf1 Bxg2+
29. Kxg2 Qg4+ 30. Kf1 $1 (30. Kh1 $4 Qf3#) 1-0

[Event "Leon Man+Comp"]
[Site "Leon"]
[Date "2000.06.02"]
[Round "1.2"]
[White "Illescas Cordoba, Miguel"]
[Black "Shirov, Alexei"]
[Result "0-1"]
[WhiteElo "2581"]
[BlackElo "2751"]
[Annotator "Lutz,C"]
[PlyCount "108"]
[EventDate "2000.06.02"]
[EventType "k.o."]
[EventRounds "2"]
[EventCountry "ESP"]
[SourceTitle "CBM 078"]
[Source "ChessBase"]
[SourceDate "2000.10.18"]
[SourceVersion "1"]
[SourceVersionDate "2000.10.18"]
[SourceQuality "1"]

1. d4 d5 2. c4 c6 3. Nc3 Nf6 4. e3 e6 5. Nf3 Nbd7 6. Bd3 dxc4 7. Bxc4 b5 8. Bd3
Bb7 9. O-O a6 10. e4 c5 11. d5 Qc7 12. dxe6 fxe6 13. Bc2 Bd6 $1 {Dieser Zug in
Verbindung mit dem Springerrückzug nach f8 wurde von Dreev während der FIDE-WM
1997 in Groningen in die Praxis eingeführt. Bisher konnte noch kein weißer
Vorteil dagegen gefunden werden.} 14. Ng5 Nf8 15. f4 O-O-O 16. Qe1 (16. Qe2 {
1/2-1/2 Nenashev,A-Dreev,A/Groningen 1997/CBM 63/[Lutz] (36)}) 16... e5 {
Diese Stellung ist vermutlich befriedigend für Schwarz.} 17. f5 (17. Nd5 {
1/2-1/2 Piket,J-Khalifman,A/Dortmund 2000/CBM 78/[Lutz] (34)}) (17. a4 $6 {
0-1 Sadler,M-Dreev,A/Groningen 1997/CBM 63/[Lutz] (45)}) 17... h6 18. Nf3 N8d7
{"mit Ausgleich" gemäß A.Filipenko in SCHACH 2/1998.} 19. Bd2 $146 (19. Kh1 c4
20. Bd2 Qc6 21. Rc1 Nc5 22. a4 b4 23. Nd5 Nxd5 24. exd5 Qxd5 25. Bxb4 e4 26.
Nd2 e3 27. Nf3 Rhe8 28. Qe2 Kb8 29. Bxc5 Qxc5 30. Bb1 Bc7 31. Rfd1 Rxd1+ 32.
Rxd1 Qb4 33. Ba2 Re4 34. Bb1 Re7 $17 {0-1 Wilhelmi,C-Pavasovic,D/Lippstadt
1998/CBM 65 ext (59)}) 19... c4 20. Rc1 Qc6 21. a4 {Die weiße Stellung lebt
vom Spiel gegen den schwarzen König am Damenflügel.} Nc5 22. axb5 axb5 23. Be3
b4 24. Nd5 {Ein typisches, an dieser Stelle erzwungenes Bauernopfer in dieser
Variante. Weiß hat Kompensation dank der sich öffnenden Linien, allerdings
erschieint mir die Stellung hier schon vorteilhaft für Schwarz.} Nxd5 25. exd5
Qxd5 26. Qe2 Kb8 27. Bb1 Nd3 28. Bxd3 cxd3 29. Qf2 Rc8 30. Ba7+ Ka8 31. Ra1 {
Es sieht selbstmörderisch aus, den König in ein derartiges Abzugsschach zu
stellen, aber Shirov hat mit Computerunterstützung bemerkt, dass Weiß den
Abzug nicht vorteilhaft verwenden kann.} Rc6 32. Rfe1 (32. Bc5+ Kb8 33. Bxd6+
Qxd6 {mit der Drohung ...Rc2.}) 32... Ba6 33. Be3 Kb7 34. Qg3 g5 $1 (34... e4
$2 35. Qxg7+) 35. Qh3 (35. fxg6 e4 $19 {, denn nun ist der Weg nach g7
versperrt.}) 35... Rhc8 36. Nd2 (36. Qxh6 e4 37. Nxg5 Qxf5 38. Qh4) 36... Bc5
37. Bxc5 Qxc5+ 38. Kh1 Qf2 39. Red1 Kb8 40. Nb3 e4 41. Rf1 Qxb2 42. Qg3+ Ka8
43. Nc5 $1 $11 {Nun hat es Weiß doch noch geschafft, den schwarzen König zu
behelligen.} Rxc5 44. Rxa6+ Kb7 45. Qd6 R5c6 46. Rxc6 Rxc6 47. Qe7+ Kb6 48.
Qd8+ Kc5 49. h4 $2 {Weiß will seinem König ein Luftloch geben, aber ein
derartiger Tempoverlust ist hier fehl am Platz.} (49. Qe7+ Kb5 50. Qxe4 d2 51.
Qd5+ Rc5 52. Qd7+ Kc4 53. f6 {, und die Partie sollte mit Dauerschach enden.})
49... d2 50. Qe7+ Kb6 51. Qd8+ Kb5 52. Qd5+ Rc5 53. Qb7+ Ka4 54. Qa8+ Kb3 0-1